000 00274nam a22001337a 4500
008 181002b xxu||||| |||| 00| 0 eng d
020 _a0716706636
041 _aeng
080 _a573
100 _a12
101 _aBIO
245 _aBiometry
_cSokal,R.R
942 _2udc
_cBK
999 _c48782
_d48782